AFL Stadiums - Statistics

General Stats
  • This quiz has been taken 10,059 times
    7,365 since last reset
  • The average score is 7 of 9
Answer Stats
Teams Answer % Correct
Hawks, Demons, Tigers, Magpies, Bombers, Blues MCG
99%
Kangaroos, Saints, Bulldogs Etihad/Marvel Stadium
94%
Lions GABBA
93%
Crows & Power Adelaide Oval
89%
Dockers & Eagles Optus Stadium
89%
Swans SCG
87%
Cats GMHBA Stadium
81%
Suns Heritage Bank Stadium
52%
Giants GIANTS Stadium
47%
No matching quizzes found
Score Distribution
Percent of People with Each Score
Percentile by Number Answered
Your Score History
You have not taken this quiz since the last reset